| 000 | 00985cam a22003014a 4500 | ||
|---|---|---|---|
| 001 | 13705091 | ||
| 003 | OSt | ||
| 005 | 20211124120644.0 | ||
| 008 | 040830s2005 ohua b 001 0 eng | ||
| 010 | _a 2004112865 | ||
| 020 | _a0324301596 (pbk.) | ||
| 038 | _aKhadija | ||
| 040 |
_aDLC _cDLC _dDLC |
||
| 042 | _apcc | ||
| 050 | 0 | 0 |
_aHD62.15 _b.D4 2005 |
| 082 | 0 | 0 |
_a658.4013 _222 _bEVA |
| 100 | 1 |
_aEvans, James R. _q(James Robert), _d1950- _935839 |
|
| 245 | 1 | 0 |
_aTotal quality : _bmanagement, organization and strategy / _cJames R. Evans. |
| 250 | _a4th ed. | ||
| 260 |
_aMason, Oio : _bThomson/South-Western, _cc2005. |
||
| 300 |
_axii, 467 p. : _bill. ; _c24 cm. |
||
| 504 | _aIncludes bibliographical references (p. 451-456) and index. | ||
| 563 | _aPaper Back | ||
| 650 | 0 |
_aTotal quality management. _9872 |
|
| 906 |
_a7 _bcbc _corignew _d3 _eepcn _f20 _gy-gencatlg |
||
| 942 |
_2ddc _cBK |
||
| 999 |
_c31540 _d31540 |
||